Statistiques concernant Pays, régions et territoires du monde

Cliquez ici pour prendre le quiz!

Statistiques générales

  • Ce quiz a été pris 498 fois
  • Le résultat moyen est 226 sur 376

Réponses sur la Carte

Les réponses sont colorées sur une échelle allant du rouge au vert en fonction du pourcentage des utilisateurs qui les ont devinées à leur premier essai. Vous pouvez retrouver ces pourcentages ci-dessous.
 

Statistiques - réponses

Réponse% Correct
Bretagne
86%
Corse
82%
Texas
82%
Alaska
81%
Californie
81%
Floride
81%
Île-de-France
81%
Mexique
81%
Royaume-Uni
81%
Russie
81%
Angleterre
80%
Guyane
80%
Irlande
80%
New York
80%
Normandie
80%
Portugal
80%
Provence-Alpes-Côte d'Azur
80%
Danemark
79%
Grand Est
79%
Washington
79%
Argentine
78%
Brésil
78%
Colombie
78%
Géorgie
78%
Pays-Bas
78%
Chili
77%
Chine
77%
Cuba
77%
Écosse
77%
Grèce
77%
Malte
77%
Norvège
77%
Pérou
77%
Québec
77%
Sardaigne
77%
Sicile
77%
Suède
77%
Ukraine
77%
Biélorussie
76%
Bolivie
76%
Finlande
76%
Turquie
76%
Algérie
75%
Autriche
75%
Bahamas
75%
Belgique
75%
Croatie
75%
Estonie
75%
Guyana
75%
Haïti
75%
Inde
75%
Irlande du Nord
75%
Islande
75%
Kosovo
75%
Lettonie
75%
Lituanie
75%
Maroc
75%
Nouvelle-Aquitaine
75%
Occitanie
75%
Paraguay
75%
Pays de Galles
75%
Pologne
75%
Suisse
75%
Uruguay
75%
Venezuela
75%
Albanie
74%
Centre-Val de Loire
74%
Chypre
74%
Équateur
74%
France
74%
Moldavie
74%
Mongolie
74%
Panama
74%
Roumanie
74%
Slovaquie
74%
Tunisie
74%
Belize
73%
Bourgogne-Franche-Comté
73%
Bulgarie
73%
Catalogne
73%
Égypte
73%
Hongrie
73%
Irak
73%
Iran
73%
Israël
73%
Japon
73%
Libye
73%
Macédoine du nord
73%
Madagascar
73%
Monténégro
73%
Nouveau-Mexique
73%
Pakistan
73%
République dominicaine
73%
Serbie
73%
Slovénie
73%
Suriname
73%
Afrique du Sud
72%
Arabie Saoudite
72%
Bosnie-Herzégovine
72%
Caroline du Nord
72%
Caroline du Sud
72%
Corée du Nord
72%
Corée du Sud
72%
Dakota du Nord
72%
Dakota du Sud
72%
Émirats arabes unis
72%
Guatemala
72%
Honduras
72%
Kazakhstan
72%
Népal
72%
Nicaragua
72%
Niger
72%
Pays de la Loire
72%
Qatar
72%
République Démocratique du Congo
72%
République du Congo
72%
République tchèque
72%
Sénégal
72%
Syrie
72%
Trentin-Haut-Adige
72%
Yémen
72%
Afghanistan
71%
Alabama
71%
Angola
71%
Cambodge
71%
Cap-Vert
71%
Costa Rica
71%
Indonésie
71%
Jamaïque
71%
Laos
71%
Liban
71%
Louisiane
71%
Mali
71%
Nigeria
71%
Nouvelle-Zélande
71%
Oman
71%
Somalie
71%
Sri Lanka
71%
Thaïlande
71%
Vietnam
71%
Arménie
70%
Côte d'Ivoire
70%
États-Unis
70%
Guinée
70%
Hauts-de-France
70%
Hawaï
70%
Jordanie
70%
Mississippi
70%
Ohio
70%
Ouzbékistan
70%
Philippines
70%
Salvador
70%
Soudan
70%
Tadjikistan
70%
Togo
70%
Andorre
69%
Australie
69%
Auvergne-Rhône-Alpes
69%
Azerbaïdjan
69%
Bangladesh
69%
Bhoutan
69%
Cameroun
69%
Érythrée
69%
Éthiopie
69%
Guadeloupe
69%
Guinée-Bissau
69%
Guinée équatoriale
69%
Kenya
69%
Luxembourg
69%
Malaisie
69%
Maldives
69%
Namibie
69%
Nevada
69%
Papouasie-Nouvelle-Guinée
69%
République centrafricaine
69%
Seychelles
69%
Soudan du Sud
69%
Tanzanie
69%
Tchad
69%
Turkménistan
69%
Arkansas
68%
Comores
68%
Ghana
68%
Île Maurice
68%
Kirghizistan
68%
Koweït
68%
Lesotho
68%
Mauritanie
68%
Monaco
68%
Mozambique
68%
Rwanda
68%
Saint-Marin
68%
Taïwan
68%
Vatican
68%
Zambie
68%
Arizona
67%
Bénin
67%
Djibouti
67%
Eswatini
67%
Kansas
67%
La Réunion
67%
Liberia
67%
Malawi
67%
Martinique
67%
New Jersey
67%
Oregon
67%
Ouganda
67%
São-Tomé-et-Príncipe
67%
Utah
67%
Zimbabwe
67%
Botswana
66%
Burkina Faso
66%
Colorado
66%
Gabon
66%
Michigan
66%
Montana
66%
Virginie
66%
Allemagne
65%
Barbade
65%
Canada
65%
Dominique
65%
Espagne
65%
Gambie
65%
Palestine
65%
Sierra Leone
65%
Wyoming
65%
Andalousie
64%
Bahreïn
64%
Burundi
64%
Fidji
64%
Maine
64%
Pennsylvanie
64%
Saint-Vincent-et-les-Grenadines
64%
Singapour
64%
Trinité-et-Tobago
64%
Vanuatu
64%
Idaho
63%
Italie
63%
Kentucky
63%
Liechtenstein
63%
Oklahoma
63%
Saint-Christophe-et-Niévès
63%
Sainte-Lucie
63%
Antigua-et-Barbuda
62%
Iowa
62%
Massachusetts
62%
Missouri
62%
Nebraska
62%
Tonga
62%
Vermont
62%
Îles Marshall
61%
Illinois
61%
Indiana
61%
Kiribati
61%
Nauru
61%
Palaos
61%
Sahara occidental
61%
Tuvalu
61%
Virginie occidentale
61%
Wisconsin
61%
Grenade
60%
Mayotte
60%
Rhode Island
60%
Brunei
59%
Myanmar
59%
Tennessee
59%
Timor oriental
59%
Berlin
58%
Madrid
58%
Micronésie
58%
Minnesota
58%
New Hampshire
58%
Salomon
58%
Samoa
58%
Maryland
57%
Connecticut
56%
Delaware
56%
Ontario
56%
Îles Canaries
55%
Nouvelle-Calédonie
55%
Tasmanie
55%
Polynésie française
54%
Bavière
53%
Porto Rico
53%
Chypre du Nord
52%
Îles Baléares
52%
Pays basque
52%
Toscane
52%
Île de Man
51%
Lombardie
49%
Terre-Neuve-et-Labrador
48%
Piémont
45%
Galice
44%
Pays valencien
42%
Saint-Martin
42%
Aragon
41%
Alberta
40%
Hambourg
39%
Nouvelle-Écosse
39%
Pouilles
39%
Territoire du Nord
39%
Castille-et-León
37%
Colombie-Britannique
37%
Jersey
37%
Saint-Barthélemy
37%
Saint-Pierre-et-Miquelon
37%
Guernesey
36%
Ossétie du Sud-Alanie
36%
Abkhazie
35%
Nunavut
35%
Saxe
35%
Asturies
34%
Nouveau-Brunswick
34%
Victoria
34%
Castille-La-Manche
33%
Latium
33%
Queensland
33%
Transnistrie
33%
Vénétie
33%
Wallis-et-Futuna
33%
Yukon
33%
Île-du-Prince-Édouard
32%
Îles Malouines
32%
Murcie
32%
Navarre
32%
Emilie-Romagne
31%
Gibraltar
31%
Manitoba
31%
Territoires du Nord-Ouest
31%
Nouvelle-Galles du Sud
30%
Sarre
30%
Saskatchewan
30%
Îles Vierges britanniques
29%
îles Vierges des États-Unis
29%
Bermudes
28%
Brême
28%
Calabre
28%
Îles Cook
28%
Australie-Occidentale
27%
Estrémadure
27%
Guam
27%
Ligurie
27%
Basse-Saxe
26%
Australie-Méridionale
25%
Bade-Wurtemberg
24%
Campanie
24%
Hesse
24%
Marche
24%
Niue
24%
Thuringe
24%
Montserrat
23%
Ombrie
23%
Samoa américaines
23%
Vallée d'Aoste
23%
Brandebourg
22%
Îles Caïmans
22%
Rhénanie-du-Nord-Westphalie
22%
Saxe-Anhalt
22%
Basilicate
21%
Frioul-Vénétie julienne
21%
La Rioja
21%
Anguilla
20%
Cantabrie
20%
Abruzzes
19%
Îles Pitcairn
19%
Île Christmas
18%
Rhénanie-Palatinat
18%
îles Mariannes du Nord
17%
Molise
17%
Schleswig-Holstein
17%
Territoire de la capitale australienne
17%
Îles Cocos
16%
Mecklenbourg-Poméranie-Occidentale
14%
Île Norfolk
13%
Îles Turques-et-Caïques
13%

Distribution des résultats

Percentile par nombre de réponses

% des personnes avec chaque résultat

Votre développement - résultats

Vous n’avez pas pris ce quiz